Foundations of non-cooperative game theory / (Record no. 29583)

000 -LEADER
fixed length control field 00572 a2200169 4500
020 ## - INTERNATIONAL STANDARD BOOK NUMBER
International Standard Book Number 0199247862
020 ## - INTERNATIONAL STANDARD BOOK NUMBER
International Standard Book Number 9780199247868
082 ## - DEWEY DECIMAL CLASSIFICATION NUMBER
Classification number 519.3
090 ## - LOCALLY ASSIGNED LC-TYPE CALL NUMBER (OCLC); LOCAL CALL NUMBER (RLIN)
-- 964
-- 964
100 1# - MAIN ENTRY--PERSONAL NAME
Personal name Ritzberger, Klaus.
245 10 - TITLE STATEMENT
Title Foundations of non-cooperative game theory /
Statement of responsibility, etc. Klaus Ritzberger.
260 ## - PUBLICATION, DISTRIBUTION, ETC.
Place of publication, distribution, etc. [S.l.] :
Name of publisher, distributor, etc. Oxford University Press, USA,
Date of publication, distribution, etc. 2002.
300 ## - PHYSICAL DESCRIPTION
Extent 370 p. ;
Dimensions 23 cm.
700 ## - ADDED ENTRY--PERSONAL NAME
Personal name Ritzberger, Klaus.
942 ## - ADDED ENTRY ELEMENTS (KOHA)
Institution code [OBSOLETE] SNS
Koha item type Book
Call number prefix 519.3 RIT
Holdings
Withdrawn status Lost status Damaged status Not for loan Permanent Location Current Location Date acquired Total Checkouts Full call number Barcode Date last seen Price effective from Koha item type
        School of Natural Sciences (SNS) School of Natural Sciences (SNS) 05/26/2016   519.3 RIT SNS0001137 04/30/2018 05/26/2016 Book
© 2023 Central Library, National University of Sciences and Technology. All Rights Reserved.